| 000 | nam a22 7a 4500 | ||
|---|---|---|---|
| 999 |
_c126501 _d126501 |
||
| 008 | 170608b xxu||||| |||| 00| 0 eng d | ||
| 050 | _aBX2179.L8 F4 | ||
| 100 |
_aFitzmyer, Joseph A. _932275 |
||
| 245 |
_aSpiritual exercises based on Paul's epistle to the Romans _c/Joseph A. Fitzmyer |
||
| 260 |
_aNew York _bPaulist Press _c1995 |
||
| 300 |
_aiv, 236p. ; _c23cm. |
||
| 650 |
_aSpiritual exercises _xCriticism _932276 |
||
| 650 |
_aBible N.T. Romans _xCommentaries _932277 |
||
| 942 |
_2lcc _cMONOGRAPH |
||